Multilingual Movie Quotes Quiz Stats

 Plays Quiz Updated Sep 22, 2018

Score 0/20 Timer 06:00
2 Plays Today
% Correct
Spanish ('That's no moon. It's a space station.')
99.5%
German ('Mrs. Robinson, you're trying to seduce me!')
98.2%
French ('You talkin' to me?')
92.3%
Arabic ('Hasta la vista, baby.')
89.3%
Italian ('I am serious. And don't call me Shirley.')
81.2%
Russian ('No. I'm simply saying that life, uh, finds a way.')
78.3%
Chinese ('Show me the money!')
75.4%
Portuguese ('You're gonna need a bigger boat.')
75.3%
Greek ('I see dead people.')
72.8%
Korean ('They're here.')
71.6%
% Correct
Polish ('I'm gonna make this pencil disappear.')
65.4%
Dutch ('You're a wizard, Harry.')
64.9%
Hebrew ('Say hello to my little friend.')
63.6%
Vietnamese ('My name is Inigo Montoya. You killed my father, prepare to die.')
57.6%
Danish ('To infinity and beyond!')
50.7%
Norwegian ('One does not simply walk into Mordor.')
46.8%
Hindi ('We'll always have Paris.')
45.8%
Thai ('This is Sparta!')
42.1%
Turkish ('My mama always said life was like a box of chocolates.')
41%
Icelandic (You've got to ask yourself one question: 'Do I feel lucky?'')
38.1%

You're not logged in!

Compare scores with friends on all Sporcle quizzes.
OR
Log In

Sporcle TV

Today on Sporcle TV


Watch our educational content, quiz creation guides, and fun videos on Sporcle TV.

Show Comments

Extras

Top Quizzes Today


Score Distribution

Your Account Isn't Verified!

In order to create a playlist on Sporcle, you need to verify the email address you used during registration. Go to your Sporcle Settings to finish the process.

Report this User

Report this user for behavior that violates our Community Guidelines.

Details: